[Event "Ch Poland (team) (2nd liga) North"]
[Site "masterchessopen.com Lublin (Poland)"]
[Round "5"]
[White "Bialecki Maciej (POL)"]
[Black "Lunkiewicz Dariusz (POL)"]
[Result "0-1"]
[WhiteElo "2205"]
[BlackElo "2074"]

1.e4 c5 2.Nf3 Nc6 3.d4 cxd4 4.Nxd4 g6 5.c4 Bg7 6.Be3 Nf6 7.Nc3 Ng4 8.Qxg4 Bxd4
9.Bxd4 Nxd4 10.Qd1 e5 11.Be2 d6 12.O-O O-O 13.Qd2 Be6 14.Rac1 Rc8 15.b3 Qe7
16.Bd1 b6 17.Ne2 Nc6 18.h3 Rc7 19.Bc2 Rd8 20.Bb1 Qh4 21.Rc3 Rcd7 22.Rg3 Kg7
23.Qc3 Kh8 24.f4 f6 25.Kh2 Rf7 26.f5 gxf5 27.exf5 Bc8 28.Rg4 Qh6 29.Be4 Ne7
30.Ng3 Rg7 {#R} 0-1

[Event "Ch City"]
[Site "masterchessopen.com Malbork (Poland)"]
[Round "0"]
[White "Szymczak Rafal (POL)"]
[Black "Skrochocka Justyna (POL)"]
[Result "1-0"]
[WhiteElo "2045"]
[BlackElo "2035"]

1.e4 c5 2.Nf3 Nc6 3.d4 cxd4 4.Nxd4 g6 5.c4 Bg7 6.Be3 Nf6 7.Nc3 Ng4 8.Qxg4 Nxd4
9.Qd1 e5 10.Bd3 O-O 11.O-O b6 12.Ne2 Bb7 13.Nxd4 exd4 14.Bd2 Re8 15.Re1 d6
16.a4 a5 17.Rb1 Qc7 18.b4 Bc6 19.b5 Bb7 20.f4 Re7 21.f5 Rae8 22.Qg4 Qc5 23.Qh4
Qa3 24.Bg5 Re5 25.Rbd1 Qxa4 26.Bf4 Rc5 27.Bxd6 Rcc8 28.f6 Bh8 29.e5 Qb3
30.Qxd4 {#r} 1-0

[Event "Tournament"]
[Site "masterchessopen.com Mexico"]
[Round "8"]
[White "Casillas Pellat J Jesus (MEX)"]
[Black "Castillo Castelan Miguel (MEX)"]
[Result "1-0"]
[WhiteElo "2150"]
[BlackElo "2107"]

1.e4 c5 2.Nf3 Nc6 3.d4 cxd4 4.Nxd4 g6 5.c4 Bg7 6.Be3 Nf6 7.Nc3 Ng4 8.Qxg4 Nxd4
9.Qd1 Ne6 10.Rc1 Qa5 11.Qd2 d6 12.Be2 h5 13.O-O h4 14.f4 h3 15.g3 Nc5 16.Bf3
Be6 17.b3 Bd7 18.Rfd1 Bc6 19.Nd5 Qd8 20.e5 e6 21.exd6 exd5 22.Bxc5 O-O 23.Bxd5
Re8 24.Bxc6 bxc6 25.d7 Re6 26.Re1 Bf6 27.Rxe6 fxe6 28.Qd6 Kf7 29.Re1 {#r} 1-0

[Event "It (open)"]
[Site "masterchessopen.com Montigny (France)"]
[Round "7"]
[White "Poirot Eric (FRA)"]
[Black "Plantet Marc (FRA)"]
[Result "1-0"]
[WhiteElo "1877"]
[BlackElo "1885"]

1.e4 c5 2.Nf3 Nc6 3.d4 cxd4 4.Nxd4 g6 5.c4 Bg7 6.Be3 Nf6 7.Nc3 Ng4 8.Qxg4 Nxd4
9.Qd1 Qb6 10.Qd2 d6 11.Nd5 Qc5 12.b4 Nb3 13.axb3 Qc6 14.Bd4 f6 15.Bd3 Kf7
16.O-O b6 17.Ra2 Bb7 18.Rfa1 e6 19.Nc3 e5 20.Be3 f5 21.b5 Qd7 22.f3 f4 23.Bf2
g5 24.Rxa7 g4 25.Rxa8 gxf3 26.Rxh8 fxg2 27.Rxh7 {#r} 1-0

[Event "Ch Moscow"]
[Site "masterchessopen.com Moscow (Russia)"]
[Round "6"]
[White "Abdulov Rauf (RUS)"]
[Black "Gutov Andrey (RUS)"]
[Result "1-0"]
[WhiteElo "2166"]
[BlackElo "2371"]

1.Nf3 Nf6 2.c4 c5 3.Nc3 g6 4.e4 Nc6 5.d4 cxd4 6.Nxd4 Bg7 7.Be3 Ng4 8.Qxg4 Nxd4
9.Qd1 Ne6 10.Qd2 Qa5 11.Rc1 d6 12.Bd3 Bd7 13.O-O g5 14.Rfd1 Qe5 15.Nd5 b6
16.b4 Ba4 17.Bc2 Bc6 18.f3 h5 19.Bb3 Rc8 20.c5 dxc5 21.bxc5 bxc5 22.Qa5 Qb8
23.Ba4 Bxa4 24.Qxa4+ Kf8 25.Rb1 Qe5 26.Qd7 Re8 27.Rb7 Bf6 28.Nxf6 Qxf6
29.Qxe8+ {#r} 1-0

[Event "Cup Russia (open)"]
[Site "masterchessopen.com Moscow (Russia)"]
[Round "7"]
[White "Evelev Vladimir M (RUS)"]
[Black "Panikarovsky A (RUS)"]
[Result "1-0"]
[WhiteElo "2346"]
[BlackElo "2374"]

1.e4 c5 2.Nf3 Nc6 3.d4 cxd4 4.Nxd4 g6 5.c4 Bg7 6.Be3 Nf6 7.Nc3 Ng4 8.Qxg4 Nxd4
9.Qd1 Ne6 10.Rc1 d6 11.b4 a5 12.a3 Bd7 13.Be2 axb4 14.axb4 Ra3 15.Nd5 O-O
16.Bb6 Qe8 17.O-O Ba4 18.Qd2 Bc6 19.f4 Bh6 20.g3 f5 21.exf5 gxf5 22.Rfe1 Qf7
23.c5 Qg7 24.Kf2 Kh8 25.cxd6 exd6 26.Bc4 Bxf4 27.gxf4 Rh3 28.Rh1 Rg8 29.Ke1
Qg4 30.Rf1 Re8 31.Be2 Qg2 32.Rg1 Qxd5 33.Qb2+ {#r} 1-0

[Event "It (open)"]
[Site "masterchessopen.com Most (Czech Republic)"]
[Round "0"]
[White "Foglar Stanislav (CZE)"]
[Black "Rerabkova Lucie (CZE)"]
[Result "1-0"]
[WhiteElo "2026"]
[BlackElo "1843"]

1.e4 c5 2.Nf3 Nc6 3.d4 cxd4 4.Nxd4 g6 5.c4 Bg7 6.Be3 Nf6 7.Nc3 Ng4 8.Qxg4 Nxd4
9.Qd1 Nc6 10.Rc1 O-O 11.Be2 d6 12.O-O Be6 13.Qd2 Rc8 14.b3 Qd7 15.Bh6 Nd4
16.Bxg7 Nxe2+ 17.Nxe2 Kxg7 18.Nd4 a6 19.Rce1 Rc5 20.f4 f5 21.Qe3 Rf7 22.e5 Rc8
23.exd6 Bxc4 24.bxc4 Qxd6 25.Ne6+ Kg8 26.Ng5 {#r} 1-0

[Event "Cup Russia (open)"]
[Site "masterchessopen.com Nizhnij Novgorod (Russia)"]
[Round "5"]
[White "Sokolov Alexander (RUS)"]
[Black "Chernikova Svetlana (RUS)"]
[Result "1-0"]
[WhiteElo "2416"]
[BlackElo "2144"]

1.e4 c5 2.Nf3 Nc6 3.d4 cxd4 4.Nxd4 g6 5.c4 Bg7 6.Be3 Nf6 7.Nc3 Ng4 8.Qxg4 Nxd4
9.Qd1 Ne6 10.Rc1 d6 11.Bd3 Bd7 12.O-O Nc5 13.b4 Nxd3 14.Qxd3 O-O 15.f4 a6
16.Nd5 Be6 17.Nb6 Rb8 18.b5 Bd7 19.a4 Kh8 20.f5 Be5 21.bxa6 bxa6 22.c5 a5
23.c6 Rxb6 24.c7 Qa8 25.Bxb6 Bc6 26.Qc4 Bb7 27.fxg6 Ba6 28.Qc6 Bb7 29.Qd7 Qa6
30.Rxf7 Qxb6+ 31.Kh1 Rxf7 32.Qe8+ Kg7 33.gxf7 Qf2 34.Qg8+ {#r} 1-0

[Event "Ch Germany (juniors) (under 18)"]
[Site "masterchessopen.com Oberhof (Germany)"]
[Round "6"]
[White "Zwanzger Johannes (GER)"]
[Black "Zwick Georg (GER)"]
[Result "1-0"]
[WhiteElo "2280"]
[BlackElo "2128"]

1.e4 c5 2.Nf3 Nc6 3.d4 cxd4 4.Nxd4 g6 5.c4 Bg7 6.Be3 Nf6 7.Nc3 Ng4 8.Qxg4 Nxd4
9.Qd1 Ne6 10.Qd2 d6 11.Be2 Bd7 12.O-O O-O 13.Rac1 Re8 14.f4 Nc5 15.e5 Bc6
16.Bf3 Bxf3 17.Rxf3 b6 18.Bxc5 dxc5 19.Rd3 Qc8 20.Rd7 f6 21.e6 Bf8 22.Nb5 Rd8
23.Rd1 Rxd7 24.exd7 Qd8 25.Qd5+ {#r} 1-0

[Event "Ch Spain (juniors) (under 18)"]
[Site "masterchessopen.com Oropesa (Spain)"]
[Round "3"]
[White "Gonzalez De La Torre Sant (ESP)"]
[Black "Fluvia Poyatos Joan (ESP)"]
[Result "0-1"]
[WhiteElo "2147"]
[BlackElo "2335"]

1.c4 c5 2.Nf3 g6 3.d4 cxd4 4.Nxd4 Bg7 5.e4 Nc6 6.Be3 Nf6 7.Nc3 Ng4 8.Qxg4 Nxd4
9.Qd1 Ne6 10.Rc1 Qa5 11.Bd3 b6 12.O-O g5 13.b4 Qxb4 14.Nb5 Qb2 15.e5 Qxe5
16.Re1 Qb8 17.Bf5 h6 18.Qd3 O-O 19.Rcd1 d6 20.h4 gxh4 21.Qd2 Ng5 22.Bxg5 hxg5
23.Qxg5 Bxf5 24.Qxf5 Qc8 25.Qf4 a6 26.Nd4 e5 27.Qxh4 exd4 28.Rd3 Re8 29.Rb1
Qf5 {#R} 0-1

[Event "Ch Europe (juniors) (under 20)"]
[Site "masterchessopen.com Patras (Greece)"]
[Round "3"]
[White "Petrik Tomas (SVK)"]
[Black "Papaioannou Hristos (GRE)"]
[Result "1-0"]
[WhiteElo "2296"]
[BlackElo "2045"]

1.e4 c5 2.Nf3 Nc6 3.d4 cxd4 4.Nxd4 g6 5.c4 Bg7 6.Be3 Nf6 7.Nc3 Ng4 8.Qxg4 Nxd4
9.Qd1 e5 10.Be2 a6 11.Bg4 O-O 12.O-O b5 13.cxb5 Nxb5 14.Nxb5 axb5 15.Qd5 Qa5
16.Rfd1 Kh8 17.Bxd7 Bxd7 18.Qxd7 Qb4 19.b3 Qxe4 20.Qxb5 f5 21.Qd7 Bf6 22.Bh6
Rad8 23.Qc7 Rc8 24.Qb6 Rc6 25.Qb7 Rfc8 26.g3 R8c7 27.Qa8+ Rc8 28.Qa7 R8c7
29.Qa3 Rc8 30.Rac1 Rxc1 31.Rxc1 Ra8 32.Qa6 Qe1+ 33.Kg2 {#r} 1-0

[Event "It (cat.10)"]
[Site "masterchessopen.com Schwerin (Germany)"]
[Round "3"]
[White "Luther Thomas (GER)"]
[Black "Ellers Holger (GER)"]
[Result "1-0"]
[WhiteElo "2507"]
[BlackElo "2426"]

1.e4 c5 2.Nf3 Nc6 3.d4 cxd4 4.Nxd4 g6 5.c4 Bg7 6.Be3 Nf6 7.Nc3 Ng4 8.Qxg4 Nxd4
9.Qd1 Ne6 10.Qd2 Qa5 11.Rc1 b6 12.b3 Bb7 13.Nd5 Qxd2+ 14.Kxd2 g5 15.h4 h6
16.hxg5 hxg5 17.Rxh8+ Bxh8 18.Bd3 d6 19.Rh1 Kd7 20.Rh7 Rf8 21.Be2 Nf4 22.Bg4+
Kd8 23.g3 Nxd5 24.exd5 Bf6 25.Kd3 Bc8 26.Bxc8 Kxc8 27.Ke4 Kc7 28.Kf5 a6
29.Bxg5 Bxg5 30.Kxg5 Kd7 31.Kh6 e5 32.Kg7 Ke7 33.Rh8 Rxh8 34.Kxh8 {#r} 1-0

[Event "Memorial M.Chigorin (open)"]
[Site "masterchessopen.com St. Petersburg (Russia)"]
[Round "2"]
[White "Smikovski Ivan (RUS)"]
[Black "Dashko Andrey (RUS)"]
[Result "1-0"]
[WhiteElo "2494"]
[BlackElo "2266"]

1.e4 c5 2.Nf3 g6 3.d4 cxd4 4.Nxd4 Bg7 5.c4 Nc6 6.Be3 Nf6 7.Nc3 Ng4 8.Qxg4 Nxd4
9.Qd1 Ne6 10.Rc1 b6 11.b4 Bb7 12.Bd3 O-O 13.O-O Qb8 14.Nd5 Re8 15.f4 Bd4
16.Bxd4 Nxd4 17.e5 f5 18.Bb1 Ne6 19.g4 fxg4 20.Qxg4 Kh8 21.Qh4 Bxd5 22.Bxg6
Nf8 23.Bxe8 Qxe8 24.cxd5 Qf7 25.f5 Qg8+ 26.Qg3 Qxd5 27.Rf2 Qf7 28.Kh1 b5
29.Rg1 {#r} 1-0

[Event "It (open)"]
[Site "masterchessopen.com Trinec (Czech Republic)"]
[Round "1"]
[White "Babula Milan (CZE)"]
[Black "Pokrupa Marek (CZE)"]
[Result "1-0"]
[WhiteElo "2334"]
[BlackElo "2093"]

1.e4 c5 2.Nf3 Nc6 3.d4 cxd4 4.Nxd4 g6 5.c4 Bg7 6.Be3 Nf6 7.Nc3 Ng4 8.Qxg4 Nxd4
9.Qd1 Ne6 10.Rc1 Qa5 11.a3 b6 12.Be2 Bb7 13.f3 g5 14.O-O Bxc3 15.Rxc3 Qe5
16.Qd2 h5 17.Rd1 d6 18.b4 g4 19.f4 Qxe4 20.Bd3 Qc6 21.f5 Nf8 22.Bd4 f6 23.Bxf6
exf6 24.Be4 Qc7 25.Bxb7 Qxb7 26.Qxd6 Qd7 27.Re3+ {#r} 1-0

[Event "It (open)"]
[Site "masterchessopen.com Voronezh (Russia)"]
[Round "8"]
[White "Rodin Dmitrij (RUS)"]
[Black "Nekrasov Vladimir (BLR)"]
[Result "1-0"]
[WhiteElo "2281"]
[BlackElo "2361"]

1.e4 c5 2.Nf3 Nc6 3.d4 cxd4 4.Nxd4 g6 5.c4 Bg7 6.Be3 Nf6 7.Nc3 Ng4 8.Qxg4 Nxd4
9.Qd1 Ne6 10.Rc1 Qa5 11.a3 b6 12.Bd3 Bxc3+ 13.Rxc3 Qe5 14.O-O g5 15.Qh5 d6
16.Rc2 Bb7 17.Re1 Nc5 18.Bf1 Rg8 19.b4 Nxe4 20.Bc1 g4 21.Qxe5 dxe5 22.c5 bxc5
23.Bb5+ Kf8 24.Bh6+ Rg7 25.bxc5 Bd5 26.c6 f6 27.c7 Nd6 28.Ba6 Be6 29.Rb1 {#r}
1-0

[Event "Ch Poland (youth) (under 26)"]
[Site "masterchessopen.com Warsaw (Poland)"]
[Round "0"]
[White "Pekacki Stanislaw (POL)"]
[Black "Bilinskas Raimundas (LTU)"]
[Result "0-1"]
[WhiteElo "2080"]
[BlackElo "2252"]

1.e4 c5 2.Nf3 g6 3.d4 cxd4 4.Nxd4 Bg7 5.c4 Nc6 6.Be3 Nf6 7.Nc3 Ng4 8.Qxg4 Nxd4
9.Qd1 Ne6 10.Qd2 Qa5 11.Rc1 b6 12.Be2 Bb7 13.f3 f5 14.exf5 gxf5 15.O-O Rg8
16.a3 f4 17.Bf2 Qg5 18.h4 Qxg2+ 19.Kxg2 Bxc3+ 20.Kh2 Bxd2 21.Rcd1 Be3 22.Rd3
Bxf2 23.Rxf2 {#R} 0-1

[Event "Ch World (juniors) (under 20)"]
[Site "masterchessopen.com Yerevan (Armenia)"]
[Round "4"]
[White "Janssen Ruud (NED)"]
[Black "Bucinskas Valdas (LTU)"]
[Result "1-0"]
[WhiteElo "2448"]
[BlackElo "2248"]

1.Nf3 Nf6 2.c4 c5 3.Nc3 Nc6 4.d4 cxd4 5.Nxd4 g6 6.e4 Bg7 7.Be3 Ng4 8.Qxg4 Nxd4
9.Qd1 Ne6 10.Rc1 b6 11.Bd3 Bb7 12.O-O O-O 13.Qd2 Rc8 14.b4 Ba6 15.Nd5 d6 16.f4
Nc7 17.f5 Ne8 18.Bg5 Nf6 19.Rf3 Nxd5 20.exd5 Bd4+ 21.Kh1 f6 22.Bh6 g5 23.b5
Bb7 24.h4 Rf7 25.hxg5 fxg5 26.Qxg5+ Kh8 27.Re1 a6 28.Qh5 Qe8 29.f6 Bxf6 30.Bg5
Qg8 31.Rxe7 {#r} 1-0

[Event "Ch Pireus"]
[Site "masterchessopen.com Pireus (Greece)"]
[Round "9"]
[White "Halas Ioannis (GRE)"]
[Black "Paidousis Aristidis (GRE)"]
[Result "1-0"]
[WhiteElo "2074"]
[BlackElo "2099"]

1.e4 c5 2.Nf3 Nc6 3.d4 cxd4 4.Nxd4 g6 5.c4 Bg7 6.Be3 Nf6 7.Nc3 Ng4 8.Qxg4 Bxd4
9.Bxd4 Nxd4 10.Qd1 e5 11.Bd3 d6 12.O-O O-O 13.Qd2 f5 14.f4 Be6 15.Rae1 fxe4
16.Nxe4 Qc7 17.fxe5 dxe5 18.Qg5 Bf5 19.b3 Bxe4 20.Bxe4 Rxf1+ 21.Rxf1 Ne2+
22.Kh1 Qd6 23.Bd5+ Kh8 24.Rf2 Rf8 25.Rxf8+ {#r} 1-0

[Event "It (open)"]
[Site "masterchessopen.com Andorra"]
[Round "2"]
[White "Simonet Marc (AND)"]
[Black "Kogan Artur (ISR)"]
[Result "1-0"]
[WhiteElo "2295"]
[BlackElo "2504"]

1.d4 Nf6 2.c4 c5 3.Nf3 g6 4.Nc3 Bg7 5.e4 cxd4 6.Nxd4 Nc6 7.Be3 Ng4 8.Qxg4 Nxd4
9.Qd1 e5 10.Bd3 O-O 11.O-O a6 12.f4 b5 13.f5 Bb7 14.Nd5 Bxd5 15.cxd5 Qb6 16.g4
Rac8 17.Kh1 Rc7 18.Qd2 Rfc8 19.Qf2 f6 20.g5 gxf5 21.exf5 Qd6 22.Qh4 Nc2
23.gxf6 Nxe3 24.fxg7 Nxf1 25.f6 e4 26.Bxe4 Qxh2+ 27.Qxh2 Nxh2 28.Kxh2 Rc1
29.d6 R1c5 30.Rf1 Re5 31.Bf5 Rd8 32.Kg3 Rd5 33.Bc2 Rxd6 34.Bb3+ Re6 35.Rd1
{#r} 1-0

[Event "Ch Norway"]
[Site "masterchessopen.com Asker (Norway)"]
[Round "1"]
[White "Agdestein Simen (NOR)"]
[Black "Gabrielsen Stig (NOR)"]
[Result "1-0"]
[WhiteElo "2590"]
[BlackElo "2305"]

1.Nf3 Nf6 2.c4 g6 3.Nc3 Bg7 4.e4 c5 5.d4 cxd4 6.Nxd4 Nc6 7.Be3 Ng4 8.Qxg4 Nxd4
9.Qd1 e5 10.Nb5 O-O 11.Be2 f5 12.exf5 Nxb5 13.Qd5+ Kh8 14.cxb5 gxf5 15.O-O d6
16.Rfd1 Qe8 17.Qxd6 Be6 18.b6 axb6 19.Qxb6 Qf7 20.a3 Bd5 21.f3 Bc6 22.Bb5 Rab8
23.Rac1 Rfc8 24.b4 Qb3 25.Rd3 Qg8 26.Bxc6 bxc6 27.Qc5 Rb5 28.Qc2 Rd5 29.Rxd5
Qxd5 30.Qxf5 Rd8 31.h4 Qb3 32.Bg5 Rf8 33.Qe4 Qxa3 34.Rxc6 {#r} 1-0

[Event "It (open)"]
[Site "masterchessopen.com Avoine (France)"]
[Round "8"]
[White "Ionescu Cristian-Dan (ROM)"]
[Black "Leroy Didier (FRA)"]
[Result "0-1"]
[WhiteElo "2313"]
[BlackElo "2378"]

1.Nf3 c5 2.c4 g6 3.d4 cxd4 4.Nxd4 Bg7 5.e4 Nc6 6.Be3 Nf6 7.Nc3 Ng4 8.Qxg4 Nxd4
9.Qd1 Ne6 10.Rc1 Qa5 11.Bd3 b6 12.O-O g5 13.Nd5 h5 14.a4 Bxb2 15.Rb1 Bf6
16.Rb5 Qa6 17.e5 Bxe5 18.Nb4 Bxh2+ 19.Kxh2 Qb7 20.Bxg5 h4 21.Qg4 d5 22.cxd5 h3
23.Bf5 Nxg5 24.Qxg5 Bxf5 25.Qxf5 hxg2+ 26.Kxg2 a6 27.Nxa6 Rg8+ 28.Kf3 Rxa6
29.Rc1 e6 30.Qe4 Rg5 31.dxe6 Qxe4+ 32.Kxe4 Rxa4+ {#R} 0-1

[Event "It (open)"]
[Site "masterchessopen.com Baden (Switzerland)"]
[Round "2"]
[White "Moor Roger (SUI)"]
[Black "Ferrari Nicola (SUI)"]
[Result "1-0"]
[WhiteElo "2360"]
[BlackElo "2201"]

1.Nf3 g6 2.c4 Bg7 3.Nc3 Nf6 4.e4 c5 5.d4 cxd4 6.Nxd4 Nc6 7.Be3 Ng4 8.Qxg4 Bxd4
9.Bxd4 Nxd4 10.Qd1 e5 11.Bd3 O-O 12.O-O d6 13.Qd2 Bd7 14.Kh1 g5 15.Rfd1 Bc6
16.Rac1 Qf6 17.Nb5 Bxb5 18.cxb5 g4 19.Bc4 Qh4 20.Rc3 Kh8 21.Rg3 f5 22.h3 fxe4
23.Rxg4 Qxf2 24.Rg8+ Rxg8 25.Qxf2 Rgf8 26.Qe1 Rac8 27.b3 a6 28.Rxd4 exd4
29.Qxe4 {#r} 1-0

[Event "It (a)"]
[Site "masterchessopen.com Budapest (Hungary)"]
[Round "6"]
[White "Bar Roman (ISR)"]
[Black "Mont-Reynaud Jordy (USA)"]
[Result "1-0"]
[WhiteElo "2354"]
[BlackElo "2255"]

1.e4 c5 2.Nf3 Nc6 3.d4 cxd4 4.Nxd4 g6 5.c4 Bg7 6.Be3 Nf6 7.Nc3 Ng4 8.Qxg4 Nxd4
9.Qd1 Ne6 10.Qd2 Qa5 11.Rc1 b6 12.Be2 Bb7 13.f3 g5 14.O-O d6 15.Rfd1 Qe5 16.b4
h5 17.Nd5 Rc8 18.a4 h4 19.a5 bxa5 20.c5 Bxd5 21.exd5 Nf4 22.Bb5+ Kd8 23.cxd6
exd6 24.Bxa7 Rxc1 25.Qxc1 Nxd5 26.Qc6 Ke7 27.Qd7+ {#r} 1-0

[Event "It (open) \"]
[Site "masterchessopen.com Budapest (Hungary)"]
[Round "8"]
[White "Antal Gergely (HUN)"]
[Black "Hocevar Nikola (SLO)"]
[Result "1-0"]
[WhiteElo "2405"]
[BlackElo "2167"]

1.e4 c5 2.Nf3 Nc6 3.d4 cxd4 4.Nxd4 g6 5.Be3 Bg7 6.c4 Nf6 7.Nc3 Ng4 8.Qxg4 Nxd4
9.Qd1 e5 10.Qd2 a6 11.Nd5 d6 12.Bg5 f6 13.Be3 O-O 14.O-O-O b5 15.Kb1 Be6
16.Bxd4 exd4 17.cxb5 f5 18.f3 fxe4 19.fxe4 axb5 20.Bxb5 Qh4 21.Bd3 Rf2 22.Qb4
Qd8 23.Rd2 Rf7 24.Rc2 Rfa7 25.b3 Rb8 26.Qd2 Be5 27.g3 Kg7 28.Rhc1 Rbb7 29.Rc4
Rf7 30.R1c2 h5 31.Qc1 h4 32.Rc6 Bxd5 33.exd5 hxg3 34.hxg3 Qf6 35.Rh2 {#r} 1-0

[Event "It"]
[Site "masterchessopen.com Cannes (France)"]
[Round "1"]
[White "Anic Darko (FRA)"]
[Black "Haik Aldo (FRA)"]
[Result "0-1"]
[WhiteElo "2487"]
[BlackElo "2376"]

1.Nf3 c5 2.c4 g6 3.d4 cxd4 4.Nxd4 Bg7 5.e4 Nc6 6.Be3 Nf6 7.Nc3 Ng4 8.Qxg4 Nxd4
9.Qd1 Ne6 10.Qd2 Qa5 11.Rc1 b6 12.Be2 Bb7 13.f3 g5 14.b3 Qe5 15.Nd5 h5 16.O-O
g4 17.f4 Qb2 18.Rc2 Qa3 19.e5 Rc8 20.Rd1 Nc5 21.Bd4 Ne4 22.Qd3 Nc5 23.Qe3 Ne6
24.Bb2 Qc5 25.Qxc5 Nxc5 26.b4 Ne6 27.g3 Nc7 28.Ne3 Be4 29.Rcd2 Rd8 30.Rd4 f5
31.exf6 Bxf6 32.Rxe4 Bxb2 33.Nf5 Ne6 34.Rd3 Kf7 {#R} 0-1

[Event "It (open)"]
[Site "masterchessopen.com Cannes (France)"]
[Round "2"]
[White "Masserey Yvan (SUI)"]
[Black "Esprit Yohann (FRA)"]
[Result "1-0"]
[WhiteElo "2370"]
[BlackElo "2091"]

1.e4 c5 2.Nf3 Nc6 3.d4 cxd4 4.Nxd4 g6 5.c4 Bg7 6.Be3 Nf6 7.Nc3 Ng4 8.Qxg4 Nxd4
9.Qd1 e5 10.Bd3 d6 11.O-O O-O 12.Qd2 Qh4 13.Rad1 f5 14.exf5 gxf5 15.f4 Be6
16.b3 a6 17.Bb1 Bf7 18.Rf2 Rad8 19.fxe5 dxe5 20.Bg5 Qh5 21.Bxd8 Rxd8 22.Nd5
Be6 23.Re1 Kh8 24.Qa5 Rf8 25.Nc7 Bc8 26.Qc5 f4 27.Be4 Qg5 28.Nd5 f3 29.Qe7 Qg4
30.Kh1 Be6 31.gxf3 Nc6 32.Qxf8+ Bxf8 33.fxg4 {#r} 1-0

[Event "It (open)"]
[Site "masterchessopen.com Cannes (France)"]
[Round "6"]
[White "Ricci Marco (ITA)"]
[Black "Esprit Yohann (FRA)"]
[Result "1-0"]
[WhiteElo "2155"]
[BlackElo "2091"]

1.e4 c5 2.Nf3 Nc6 3.d4 cxd4 4.Nxd4 g6 5.c4 Bg7 6.Be3 Nf6 7.Nc3 Ng4 8.Qxg4 Nxd4
9.Qd1 e5 10.Nb5 O-O 11.Qd2 Nxb5 12.cxb5 Qh4 13.Bd3 Qg4 14.O-O b6 15.Bc4 Bb7
16.f3 Qh5 17.Bg5 Rac8 18.Rac1 d5 19.Bxd5 Rxc1 20.Rxc1 Bc8 21.Bxf7+ Kh8 22.Be7
Bh6 23.Bf6+ Bg7 24.Qd6 {#r} 1-0

[Event "It (open)"]
[Site "masterchessopen.com Dubai (United Arab Emirates)"]
[Round "1"]
[White "Dolmatov Sergey (RUS)"]
[Black "Taleb Moussa (UAE)"]
[Result "0-1"]
[WhiteElo "2608"]
[BlackElo "2389"]

1.e4 c5 2.Nf3 Nc6 3.d4 cxd4 4.Nxd4 g6 5.c4 Bg7 6.Be3 Nf6 7.Nc3 Ng4 8.Qxg4 Nxd4
9.Qd1 Ne6 10.Rc1 O-O 11.Bd3 b6 12.O-O Bb7 13.Bb1 Rc8 14.b3 Nc5 15.f3 f5
16.exf5 gxf5 17.b4 Ne6 18.Qd3 Be5 19.Nd5 Rf7 20.Kh1 Ng7 21.Bg5 Qf8 22.Rfe1 Bd6
23.a3 Nh5 24.Qd2 e6 25.Bh6 Qd8 26.Nc3 Bb8 27.Bg5 Qc7 28.f4 Nxf4 29.Nb5 Qc6
30.Rg1 Nxg2 31.Nc3 Qc7 {#R} 0-1

[Event "Ch Finland (team) 2000/01 (I Division)"]
[Site "masterchessopen.com Finland"]
[Round "4"]
[White "Taivainen Jukka (FIN)"]
[Black "Alho Sauli (FIN)"]
[Result "1-0"]
[WhiteElo "2230"]
[BlackElo "2157"]

1.e4 c5 2.Nf3 Nc6 3.d4 cxd4 4.Nxd4 g6 5.c4 Bg7 6.Be3 Nf6 7.Nc3 Ng4 8.Qxg4 Nxd4
9.Qd1 Ne6 10.Rc1 Qa5 11.Be2 d6 12.O-O Bd7 13.f3 g5 14.Rf2 h5 15.Bf1 b6 16.Nd5
Rc8 17.b3 Be5 18.g3 h4 19.f4 hxg3 20.hxg3 gxf4 21.gxf4 Rg8+ 22.Bg2 Bh8 23.Qh5
Bc6 24.Qh7 Rf8 25.Bh3 Bd7 26.Qh4 Rg8+ 27.Rg2 Rxg2+ 28.Bxg2 Bf6 29.Nxf6+ exf6
30.Qxf6 Qxa2 31.f5 Qxb3 32.Bh6 Rxc4 33.Qh8+ {#r} 1-0

[Event "It (open)"]
[Site "masterchessopen.com Fouesnant (France)"]
[Round "7"]
[White "Capitaine Adrien (FRA)"]
[Black "Le Bellac Pascal (FRA)"]
[Result "1-0"]
[WhiteElo "2076"]
[BlackElo "2167"]

1.e4 c5 2.Nf3 Nc6 3.d4 cxd4 4.Nxd4 g6 5.c4 Bg7 6.Be3 Nf6 7.Nc3 Ng4 8.Qxg4 Nxd4
9.Qd1 e5 10.Bd3 O-O 11.h4 h5 12.Nd5 d6 13.f3 Be6 14.g4 hxg4 15.fxg4 Bxd5
16.cxd5 Qb6 17.O-O Qxb2 18.h5 Rac8 19.Rf2 Qa3 20.Qf1 Qa4 21.h6 Bh8 22.h7+ Kg7
23.Qh3 f6 24.Bh6+ Kf7 25.Bxf8 Rxf8 26.Rc1 Qd7 27.Rcf1 Qd8 28.g5 {#r} 1-0

[Event "Ch France (team) 2000"]
[Site "masterchessopen.com France"]
[Round "1"]
[White "Nikcevic Nebojsa (MNE)"]
[Black "Vareille Francois (FRA)"]
[Result "1-0"]
[WhiteElo "2473"]
[BlackElo "2411"]

1.Nf3 Nf6 2.c4 g6 3.Nc3 Bg7 4.e4 c5 5.d4 cxd4 6.Nxd4 Nc6 7.Be3 Ng4 8.Qxg4 Nxd4
9.Qd1 Ne6 10.Bd3 Qa5 11.Rc1 d6 12.O-O g5 13.Rc2 Qe5 14.Nd5 h5 15.h4 g4 16.f4
gxf3 17.gxf3 Bh6 18.f4 Rg8+ 19.Kh1 Qh8 20.f5 Bxe3 21.fxe6 Bxe6 22.Nxe3 O-O-O
23.Nd5 Rg3 24.Nxe7+ Kb8 25.Rh2 Bg4 26.Be2 Qe5 27.Bxg4 hxg4 28.Qe1 Rd3 29.Nf5
b5 30.Qe2 bxc4 31.Qxg4 d5 32.exd5 Qxd5+ 33.Qg2 Rd1 34.Ne3 Rxf1+ 35.Nxf1 {#r}
1-0

[Event "Ch MV "]
[Site "masterchessopen.com Germany"]
[Round "3"]
[White "Priebe Jan (GER)"]
[Black "Hueneburg Christian (GER)"]
[Result "1-0"]
[WhiteElo "2133"]
[BlackElo "2263"]

1.e4 c5 2.Nf3 Nc6 3.d4 cxd4 4.Nxd4 g6 5.c4 Bg7 6.Be3 Nf6 7.Nc3 Ng4 8.Qxg4 Nxd4
9.Qd1 Ne6 10.Qd2 Qa5 11.Rc1 b6 12.Be2 Bb7 13.f3 g5 14.O-O Qe5 15.b3 h5 16.Nd5
Rc8 17.Rfd1 d6 18.Bd3 h4 19.Bb1 h3 20.g3 Rg8 21.Qb4 f5 22.Bf2 Bxd5 23.exd5 Nf4
24.Re1 Qf6 25.Rcd1 Ng6 26.Re6 Qf7 27.Qxd6 Bc3 28.Re2 Kf8 29.Qe6 f4 30.Bxg6
Qxe6 31.Rxe6 {#r} 1-0

[Event "Hessenliga 2000/01"]
[Site "masterchessopen.com Germany"]
[Round "3"]
[White "Feist Peter (GER)"]
[Black "Erwes Theo (GER)"]
[Result "1-0"]
[WhiteElo "2249"]
[BlackElo "2138"]

1.e4 c5 2.c4 Nc6 3.Nf3 g6 4.d4 cxd4 5.Nxd4 Bg7 6.Be3 Nf6 7.Nc3 Ng4 8.Qxg4 Nxd4
9.Qd1 Ne6 10.Bd3 O-O 11.Qd2 Qa5 12.Rc1 d6 13.O-O Bd7 14.Nd5 Qd8 15.Rfd1 Bc6
16.Bb1 b6 17.h4 Rc8 18.h5 Qd7 19.Bh6 Nc5 20.Bxg7 Kxg7 21.Rc3 f6 22.Rh3 g5
23.f4 Ne6 24.Rg3 h6 25.Qc2 Rh8 26.fxg5 hxg5 27.e5 Rh6 28.exf6+ exf6 29.Ne3 Nf8
30.Nf5+ Kh7 31.Rxd6 Qe8 32.Nxh6+ Kxh6 33.Rxf6+ Kg7 34.Qf5 {#r} 1-0

[Event "It (open)"]
[Site "masterchessopen.com Helsinki (Finland)"]
[Round "2"]
[White "Kilpela Panu (FIN)"]
[Black "Malcsev Alexander (RUS)"]
[Result "0-1"]
[WhiteElo "2139"]
[BlackElo "2355"]

1.c4 Nf6 2.Nc3 g6 3.e4 c5 4.Nf3 Nc6 5.d4 cxd4 6.Nxd4 Bg7 7.Be3 Ng4 8.Qxg4 Bxd4
9.Bxd4 Nxd4 10.Qd1 e5 11.Bd3 O-O 12.O-O d6 13.Qd2 Be6 14.Rfd1 Qe7 15.Ne2 Bg4
16.Re1 Bxe2 17.Bxe2 Kh8 18.Bf1 Rac8 19.b3 b6 20.Kh1 a5 21.Rab1 Qh4 22.b4 axb4
23.Rxb4 b5 24.Bd3 bxc4 25.Rxc4 Ra8 26.Bb1 Rfb8 27.Kg1 Kg7 28.Rd1 Ra3 29.Rxd4
exd4 30.Qxd4+ Qf6 31.Qxf6+ Kxf6 32.Rxd6+ Ke5 33.Rd1 Rb2 34.f3 h5 35.h4 Kf4
{#R} 0-1